L'École de Tabriz : l'Islam aux Prises avec la Chine / l'Islam aux Prises avec la Chine /
MARC
| LEADER | 00000naa a2200000 a 4500 | ||
|---|---|---|---|
| 001 | 24832 | ||
| 003 | AGDB | ||
| 005 | 20260324181543.0 | ||
| 008 | 260109b fr ||||| |||| 00| 0 fre d | ||
| 041 | |a fre | ||
| 100 | |a Lorey, Eustache de |d 1875-1953 |9 72407 | ||
| 245 | |a L'École de Tabriz : |b l'Islam aux Prises avec la Chine / |c E. de Lorey | ||
| 260 | |a Paris : |b Les Editions d'art et d'histoire , |c 1935 | ||
| 300 | |a [17] pàgines : |b il·lustracions en blanc i negre ; |c 29 x 23 cm | ||
| 500 | |a Prové del fons Joan Junyer i Pascual (1909-1994) | ||
| 500 | |a Amb dedicatòria de l'autor | ||
| 500 | |a Duplicat del registre 24720 en pitjor estat | ||
| 500 | |a Extret de la Revue des Arts Asiatiques | ||
| 534 | |3 L'original és article: Lorey, Eustache de. "L'École de Tabriz. L'Islam aux prises avec la Chine. Revue des arts asiatiques vol. 9, no. 1 (1935): 27-39. | ||
| 650 | 0 | |a Fons Joan Junyer i Pascual (1909-1994) |9 72777 | |
| 650 | 0 | |a Pintura islàmica |9 72920 | |
| 650 | 0 | |a Bestiaris |x Il·lustracions |9 72921 | |
| 856 | |u https://www.jstor.org/stable/43475583 |y Accés lliure (JSTOR) | ||
| 942 | |2 udc |c ARXIU |n 1 | ||
| 952 | |0 0 |1 0 |2 udc |4 0 |6 F504303 |7 1 |9 98898 |a Arxiu |b Arxiu |d 2026-01-08 |l 0 |o F-504-303 |p 24832 |r 2026-01-09 10:49:50 |w 2026-01-09 |y ARXIU | ||
| 999 | |c 130566 |d 130566 | ||